American TV Families Quiz Stats

 Plays Quiz Updated Oct 29, 2018

Score 0/130 Timer 15:00
3 Plays Today
Family Family Members % Correct
Flintstone (The Flintstones)Fred
90.2%
Brady (The Brady Bunch)Peter
89.8%
Griffin (Family Guy)Peter
89.8%
Bundy (Married ... With Children)Al
87.3%
Barone (Everybody Loves Raymond)Ray
85.8%
Flintstone (The Flintstones)Wilma
85.4%
Simpson (The Simpsons)Bart
85.3%
Simpson (The Simpsons)Homer
84%
Bunker (All in the Family)Michael Stivic
83.2%
Brady (The Brady Bunch)Jan
83.1%
Brady (The Brady Bunch)Mike
81.1%
Seaver (Growing Pains)Mike
81%
Simpson (The Simpsons)Marge
80.6%
Simpson (The Simpsons)Lisa
80.4%
Brady (The Brady Bunch)Marcia
79.6%
Conner (Roseanne)Roseanne
79.1%
Flintstone (The Flintstones)Pebbles
78.7%
Brady (The Brady Bunch)Bobby
76.3%
Ewing (Dallas)Bobby
76.3%
Jetson (The Jetsons)George
75.1%
Brady (The Brady Bunch)Greg
74.2%
Brady (The Brady Bunch)Cindy
73.8%
Seaver (Growing Pains)Maggie Malone
73.5%
Simpson (The Simpsons)Maggie
72.9%
Bunker (All in the Family)Archie
71.7%
Walton (The Waltons)John
71.4%
Crane (Frasier)Frasier
70.9%
Cleaver (Leave it to Beaver)Beaver
69.6%
Brady (The Brady Bunch)Carol
68.6%
Seaver (Growing Pains)Carol
68.6%
Cunningham (Happy Days)Richie
68.3%
Addams (The Addams Family)Wednesday
67.4%
Griffin (Family Guy)Stewie
66.8%
Addams (The Addams Family)Morticia
64.1%
Bundy (Married ... With Children)Peggy
63.8%
Jetson (The Jetsons)Jane
63.1%
Ingalls (Little House on the Prairie)Laura
62.8%
Clampett (The Beverly Hillbillies)Jed
62.6%
Huxtable (The Cosby Show)Cliff
62.3%
Griffin (Family Guy)Chris
61.7%
Conner (Roseanne)Dan
61.8%
Griffin (Family Guy)Meg
60.4%
Jetson (The Jetsons)Judy
60.3%
Jetson (The Jetsons)Elroy
60.1%
Family Family Members % Correct
Crane (Frasier)Niles
60%
Huxtable (The Cosby Show)Theo
59.1%
Huxtable (The Cosby Show)Rudy
58.8%
Ingalls (Little House on the Prairie)Mary
58.6%
Bradford (Eight is Enough)Mary
58.6%
Griffin (Family Guy)Lois
58%
Keaton (Family Ties)Alex
57.9%
Bunker (All in the Family)Edith
55.5%
Soprano (The Sopranos)Anthony
55.4%
Barone (Everybody Loves Raymond)Robert
54.9%
Huxtable (The Cosby Show)Clair
51.6%
Cleaver (Leave it to Beaver)Wally
51.3%
Cleaver (Leave it to Beaver)June
51.2%
Arnold (The Wonder Years)Kevin
51%
Ewing (Dallas)JR
50.6%
Addams (The Addams Family)Pugsley
50.3%
Barone (Everybody Loves Raymond)Michael
50%
Bundy (Married ... With Children)Bud
50%
Addams (The Addams Family)Gomez
49.2%
Bradford (Eight is Enough)Joanie
49%
Cunningham (Happy Days)Joanie
48.9%
Barone (Everybody Loves Raymond)Frank
47.1%
Ewing (Dallas)Ellie
46.7%
Munster (The Munsters)Eddie
46.6%
Barone (Everybody Loves Raymond)Debra
45.9%
Bundy (Married ... With Children)Kelly
44.3%
Cleaver (Leave it to Beaver)Ward
44%
Barone (Everybody Loves Raymond)Marie
43.9%
Munster (The Munsters)Herman
43.8%
Bradford (Eight is Enough)Tom
43.3%
Clampett (The Beverly Hillbillies)Granny
42.1%
Conner (Roseanne)Becky
42%
Clampett (The Beverly Hillbillies)Jethro Bodine
41.9%
Conner (Roseanne)Darlene
41.8%
Bunker (All in the Family)Gloria
41.5%
Walton (The Waltons)John-Boy
40.9%
Conner (Roseanne)DJ
40.8%
Huxtable (The Cosby Show)Vanessa
39.2%
Walton (The Waltons)Ben
39.2%
Seaver (Growing Pains)Ben
39.2%
Arnold (The Wonder Years)Jack
38.8%
Clampett (The Beverly Hillbillies)Elly May
38.6%
Cunningham (Happy Days)Marion
38.3%
Huxtable (The Cosby Show)Denise
38.2%
Family Family Members % Correct
Cunningham (Happy Days)Howard
34.3%
Ingalls (Little House on the Prairie)Charles
32.9%
Bradford (Eight is Enough)David
32.2%
Walton (The Waltons)Elizabeth
32.1%
Bradford (Eight is Enough)Elizabeth
32.1%
Keaton (Family Ties)Mallory
31.4%
Seaver (Growing Pains)Jason
30.7%
Walton (The Waltons)Jason
30.7%
Munster (The Munsters)Lily
30.4%
Keaton (Family Ties)Jennifer
30.3%
Barone (Everybody Loves Raymond)Ally
29.7%
Huxtable (The Cosby Show)Sondra
29.6%
Crane (Frasier)Martin
28.7%
Bradford (Eight is Enough)Susan
27%
Ewing (Dallas)Sue Ellen
26.5%
Soprano (The Sopranos)Meadow
26.1%
Walton (The Waltons)Mary Ellen
25.9%
Keaton (Family Ties)Steven
25.4%
Ewing (Dallas)Pam
24.7%
Keaton (Family Ties)Elyse
23.9%
Walton (The Waltons)Olivia
23.9%
Bradford (Eight is Enough)Abby
23.8%
Walton (The Waltons)Jim-Bob
23.7%
Arnold (The Wonder Years)Wayne
23%
Barone (Everybody Loves Raymond)Geoffrey
22.9%
Ingalls (Little House on the Prairie)Caroline
22.7%
Ingalls (Little House on the Prairie)Carrie
21.5%
Soprano (The Sopranos)A.J.
21.5%
Walton (The Waltons)Erin
21.2%
Soprano (The Sopranos)Carmela
20.5%
Bradford (Eight is Enough)Tommy
19.6%
Keaton (Family Ties)Andrew
19.5%
Arnold (The Wonder Years)Karen
19.4%
Seaver (Growing Pains)Chrissy
19%
Munster (The Munsters)Marilyn
18.9%
Ewing (Dallas)Jock
18.3%
Bradford (Eight is Enough)Nicholas
17.9%
Ingalls (Little House on the Prairie)Albert
15.8%
Conner (Roseanne)Jerry Garcia
15.8%
Ingalls (Little House on the Prairie)Grace
15.6%
Bradford (Eight is Enough)Nancy
13.8%
Arnold (The Wonder Years)Norma
11.8%

You're not logged in!

Compare scores with friends on all Sporcle quizzes.
OR
Log In

Sporcle TV

Today on Sporcle TV


Watch our educational content, quiz creation guides, and fun videos on Sporcle TV.

Show Comments

Extras

Top Quizzes Today


Score Distribution

Your Account Isn't Verified!

In order to create a playlist on Sporcle, you need to verify the email address you used during registration. Go to your Sporcle Settings to finish the process.

Report this User

Report this user for behavior that violates our Community Guidelines.

Details: